000 01410nam0a22002771 4500
001 rc\4380471
005 20250612064942.0
021 _aRU
_b[66-97531]
035 _a(NLR Aleph) 008547450
090 _a8385251
_c8385251
100 _a20130416d1966 |||y0rusy50 ca
101 0 _arus
102 _aRU
105 _aa z |||||
200 1 _aПроизводство чугунных отопительных радиаторов в Социалистической Республике Румынии
_e(Обзор)
210 _aМосква
_cБ. и.
_d1966
215 _a24 с.
_cил.
_d22
225 1 _a[Министерство промышленности строительных материалов СССР]. Центральный научно-исследовательский институт информации и технико-экономических исследований промышленности строительных материалов. [Техническая информация]
300 _aАвт. указан на обороте тит. л.: инж. Ежаков А.
606 _aОтопительные радиаторы, чугунные
_xПроизводство
_jИностранный опыт
_2psbo
700 1 _aЕжакова
_bА.
801 0 _aRU
_bNLR
_gpsbo
801 1 _aRU
_bELAR
_2rusmarc
852 _aNLR
_j67-6/789
942 _cBOOK
980 _aNB